College Quizbowl Stats
College Quizbowl Stats
Circuits
Seasons
Sets
Records
Detailed Stats
About
Loading...
2024 ACF Regionals @ MIT
Tossups
Bonuses
Players
Teams
Categories (Tossup)
Categories (Bonus)
Mason Yu
Brown A
Categories
Category
Powers
Gets
Negs
BBs
Points
Earliest Buzz
Avg. Buzz
First Buzzes
Top 3 Buzzes
Science - Biology
0
1
0
0
10
56
56.00
1
1
Science - Chemistry
0
1
0
0
10
47
47.00
1
1
Science - Other Science
0
1
0
0
10
65
65.00
1
1
Science - Physics
0
1
0
0
10
110
110.00
1
1
Social Science
0
0
1
0
-5
0.00
0
0
Buzzes
Category
Answer
Value
Buzz Position
Science - Chemistry
ethers
10
47
Science - Biology
infected by a virus
10
56
Science - Other Science
CO2 concentration
10
65
Social Science
fertility rate
-5
72
Science - Physics
position AND momentum
10
110
Previous
1
Next